000 00700nam a2200277Ia 4500
005 20260121125337.0
008 008 260114s9999 xx 000 0 eng d
020 _a9780812294620
037 _aEBOOK
040 _aCRL
040 _beng
040 _cCRL
041 _2eng
041 _aeng
084 _qCRL
100 _aGriffiths, Fiona J.
_9991371
245 0 _aNuns Priests Tales: Men and Salvation in Medieval Womens Monastic Life
260 _bWalter de Gruyter
260 _bWalter de Gruyter
260 _c2018
650 _aHistory
_9991372
856 _uhttp://www.degruyter.com/isbn/9780812294620
942 _cEBOOK
999 _c1561311
_d1561311